000 00891nam a22001697a 4500
003 OSt
005 20240220115858.0
008 240220s2008 ag ||||| |||| 00| 0 spa d
020 _a9789508602145
040 _cbesoc
100 _aColombres, Adolfo
_eautor
245 _aLa Respiración De La Tierra
_bAntología Personal
260 _aBuenos Aires:
_bDesde La Gente
300 _a108 p.
505 _aAdolfo Colombres-La muerte del capitán-La luz de los ciegos-De como el abuelo Damián perdió la oreja izquierda y encontró la eternidad-Romance del compilador y el bandido-Territorio final-Los testigos-Las grietas del tiempo-Karai el héroe- La muchacha que se enveneno por amor-Lejos del paraíso-La gitana y el navegante-Sacrificio-El desierto-Bajo los pesados torbellinos de polvo-Una aldea blanca en la arena-Ana vuelve bajo la lluvia-Todo lo consume el tiempo.
942 _2udc
_cLPD
_n0
999 _c197
_d197